000 00499nam a2200169Ia 4500
999 _c20772
_d20772
003 OSt
005 20200625103727.0
008 190216s9999||||xx |||||||||||||| ||und||
020 _a8170366429
040 _coclc
082 _a954.031
_bTRA/A
100 _aTrautmann, Thomas R
_93050
245 0 _aAryans And British India /
_cThomas R Trautmann
260 _bVistaar Publications,
_c1997.
_aNewdelhi:
300 _a260p
942 _cBK
_2ddc
_h954.031
_iTRA/A
_k954.031
_mTRA/A